Helléniques

Guardat en:
Dades bibliogràfiques
Autor principal: Jenofonte (Autor)
Format: Llibre
Idioma:francès
grec
Publicat: París Société d'édition Les belles lettres 1936
Col·lecció:Collection des Universités de France
Matèries:
Etiquetes: Afegir etiqueta
Sense etiquetes, Sigues el primer a etiquetar aquest registre!

MARC

LEADER 00000nam a2200000 a 4500
001 UCW0147
003 CL-VaPUC
005 20210604001528.0
008 891102e19360000FR |||||||||||||||||fre|d
999 |c 215382  |d 215380 
040 |c Pontificia Universidad Católica de Valparaíso 
041 0 7 |a fre  |2 CL-VaPUC 
041 0 7 |a gre  |2 CL-VaPUC 
082 0 4 |a 938 JEN 1936  |2 21 
100 |a Jenofonte  |e author  |9 335230 
245 1 0 |a Helléniques 
260 |a París  |b Société d'édition Les belles lettres  |c 1936 
300 |a 2 volúmenes 
490 0 |a Collection des Universités de France 
500 |a v.2: Indice histórico y geográfico 
583 |a last modification  |c 19891102 00:00:00  |k Rodrigo Vera 
650 0 |a Historia  |z GRECIA  |9 255047 
942 |c BK  |2 ddc 
945 |d 19891102 00:00:00 
952 |0 0  |1 0  |2 ddc  |4 0  |6 938_000000000000000_JEN_1936  |7 0  |8 P  |9 199632  |a BIBART  |b BIBART  |d 2019-11-14  |h v.1  |i 2668793  |o 938 JEN 1936  |p 2668793  |r 2025-03-13  |t 1  |w 2019-11-14  |y BK  |k ART 
952 |0 0  |1 0  |2 ddc  |4 0  |6 938_000000000000000_JEN_1936  |7 0  |8 P  |9 199633  |a BIBART  |b BIBART  |d 2019-11-14  |h v.2  |i 2668807  |o 938 JEN 1936  |p 2668807  |r 2025-03-13  |t 1  |w 2019-11-14  |y BK  |k ART